Southville International School and Colleges
Your cart is empty.
  • Cart
  • Lists
    Public lists Eva Luna New books Lux_list list_1
    Your lists Log in to create your own lists
  • Log in to your account
  • Your cookies
  • Search history
Southville International School and Colleges
  • Advanced search
  • Recent comments
  • Most popular
  • Libraries

Log in to your account

Log in with GOOGLE


If you do not have an external account, but do have a local account, you can still log in:

  1. Home
  2. MARC view: A Higher standard of leadership :
Normal view MARC view ISBD view

A Higher standard of leadership : (Record no. 19853)

[ view plain ]
MARC details
000 -LEADER
fixed length control field 00592nam a2200193 a 4500
005 - DATE AND TIME OF LATEST TRANSACTION
control field 20140310183200.0
008 - FIXED-LENGTH DATA ELEMENTS--GENERAL INFORMATION
fixed length control field 021204s19uu xx 00 eng d
020 ## - INTERNATIONAL STANDARD BOOK NUMBER
International Standard Book Number 1576750116
050 ## - LIBRARY OF CONGRESS CALL NUMBER
Classification number HM 141
Item number .N33 1997
100 ## - MAIN ENTRY--PERSONAL NAME
Personal name Nair, Keshavan
245 ## - TITLE STATEMENT
Title A Higher standard of leadership :
Remainder of title lessons from the life of Gandhi /
Statement of responsibility, etc Keshavan Nair.
260 ## - PUBLICATION, DISTRIBUTION, ETC. (IMPRINT)
Place of publication, distribution, etc San Francisco, CA :
Name of publisher, distributor, etc Berrett-Koeler Publisher,
Date of publication, distribution, etc 1997.
300 ## - PHYSICAL DESCRIPTION
Extent 157 p. :
Dimensions 23 cm.
521 ## - TARGET AUDIENCE NOTE
Target audience note
650 ## - SUBJECT ADDED ENTRY--TOPICAL TERM
Topical term or geographic name as entry element Leadership
General subdivision moral and ethical aspects
650 ## - SUBJECT ADDED ENTRY--TOPICAL TERM
Topical term or geographic name as entry element Gandhi, Mahatma
942 ## - ADDED ENTRY ELEMENTS (KOHA)
Koha item type Books
Source of classification or shelving scheme Library of Congress Classification
Call number prefix Foreign
Holdings
Withdrawn status Lost status Source of classification or shelving scheme Damaged status Home library Current library Shelving location Date acquired Total Checkouts Full call number Barcode Date last seen Copy number Price effective from Koha item type
    Library of Congress Classification   College Library College Library General Circulation Section 12/05/2002   HM 141 .N33 1997 C1388 05/15/2018 1 10/10/2013 Books

A Higher standard of leadership :

APA

Nair K., . (1997). A Higher standard of leadership. San Francisco, CA: Berrett-Koeler Publisher.

Chicago

Nair Keshavan, . 1997. A Higher standard of leadership. San Francisco, CA: Berrett-Koeler Publisher.

Harvard

Nair K., . (1997). A Higher standard of leadership. San Francisco, CA: Berrett-Koeler Publisher.

MLA

Nair Keshavan, . A Higher standard of leadership. San Francisco, CA: Berrett-Koeler Publisher. 1997.

  • Place hold
  • Print
  • Cite
  • Add to your cart (remove)
  • Save record
    BIBTEX Dublin Core MARCXML MARC (non-Unicode/MARC-8) MARC (Unicode/UTF-8) MARC (Unicode/UTF-8, Standard) MODS (XML) RIS
  • More searches
    Search for this title in:
    Other Libraries (WorldCat) Other Databases (Google Scholar) Online Stores (Bookfinder.com) Open Library (openlibrary.org)

Exporting to Dublin Core...

SOUTHVILLE LIBRARY

Southville International School and Colleges Library

1281 Tropical Ave. Cor. Luxembourg St., BF Homes International, Las Pinas City

Tel. No. 8256374 / 252358 Loc. 117/146

Powered by Koha